[Event "Cammeray Norths op"]
[Site "Cammeray"]
[Date "2011.01.07"]
[Round "6"]
[White "Nakauchi, Ray"]
[Black "Lane, Clive"]
[Result "0-1"]
[WhiteElo "668"]
[BlackElo "1552"]
[PlyCount "42"]
[EventDate "2011.01.02"]
[EventType "swiss"]
[EventRounds "7"]
[EventCountry "AUS"]
[SourceTitle "EXT 2013"]
[Source "ChessBase"]
[SourceDate "2012.11.22"]
[SourceVersion "1"]
[SourceVersionDate "2012.11.22"]
[SourceQuality "1"]

1. d4 Nf6 2. c4 e6 3. a3 b6 4. Nc3 Bb7 5. Bg5 Be7 6. Bxf6 Bxf6 7. e4 d5 8. e5 Be7 9. Qf3 0-0 10. Qd1 dxc4 11. Nf3 c5 12. dxc5 Bxc5 13. Bxc4 a6 14. 0-0 Qc7 15. Ng5 Be7 16. Nge4 Bxe4 17. Nxe4 Qxc4 18. Qf3 Nd7 19. Rac1 Qb5 20. Rfe1 Nxe5 21. Qc3 Nd3 0-1

[Event "Sydney op-B"]
[Site "Parramatta"]
[Date "2010.04.10"]
[Round "8"]
[White "Willathgamuwa, Kevin"]
[Black "Nakauchi, Ray"]
[Result "1-0"]
[WhiteElo "602"]
[BlackElo "476"]
[PlyCount "111"]
[EventDate "2010.04.07"]
[EventType "swiss"]
[EventRounds "9"]
[EventCountry "AUS"]
[SourceTitle "EXT 2012"]
[Source "ChessBase"]
[SourceDate "2011.11.24"]
[SourceVersion "1"]
[SourceVersionDate "2011.11.24"]
[SourceQuality "1"]

1. e4 e5 2. Nf3 d6 3. d4 Nd7 4. Bc4 Be7 5. 0-0 h6 6. Nc3 Ngf6 7. h3 0-0 8. dxe5 dxe5 9. Re1 a6 10. Qe2 b6 11. Be3 Bb7 12. Bd2 Bb4 13. Rad1 Bxc3 14. Bxc3 Bxe4 15. Bxe5 Qe8 16. Bg3 Bxf3 17. Qxf3 Qc8 18. Bd5 Rb8 19. Bc6 a5 20. Qd3 Re8 21. Rxe8+ Qxe8 22. Bxd7 Nxd7 23. Qxd7 Qxd7 24. Rxd7 Re8 25. Rxc7 Re1+ 26. Kh2 Rb1 27. b3 Ra1 28. a4 g5 29. Rc6 Rc1 30. Bc7 f5 31. Bxb6 f4 32. Bxa5 Rf1 33. Bb6 Kg7 34. a5 h5 35. a6 g4 36. a7 Ra1 37. Rc8 g3+ 38. fxg3 fxg3+ 39. Kxg3 Ra6 40. a8Q Rxa8 41. Rxa8 Kf6 42. Bd4+ Kf5 43. b4 Ke4 44. Bc3 Kd5 45. Be1 Kc6 46. Ra5 Kb6 47. Bf2+ Kc6 48. b5+ Kb7 49. Ra7+ Kc8 50. b6 Kd8 51. Kh4 Kc8 52. Bg3 Kd8 53. Rg7 Ke8 54. b7 Kf8 55. Be5 Ke8 56. b8Q# 1-0

[Event "Doeberl Cup U1200 48th"]
[Site "Canberra"]
[Date "2010.04.03"]
[Round "5"]
[White "Gong, Noah"]
[Black "Nakauchi, Ray"]
[Result "1-0"]
[WhiteElo "762"]
[BlackElo "541"]
[PlyCount "147"]
[EventDate "2010.04.02"]
[EventType "swiss"]
[EventRounds "6"]
[EventCountry "AUS"]
[SourceTitle "EXT 2012"]
[Source "ChessBase"]
[SourceDate "2011.11.24"]
[SourceVersion "1"]
[SourceVersionDate "2011.11.24"]
[SourceQuality "1"]

1. d4 Nf6 2. c4 d5 3. e3 e6 4. Nf3 Nc6 5. Nc3 Bb4 6. Bd2 0-0 7. a3 Be7 8. cxd5 exd5 9. h3 Be6 10. Bb5 Na5 11. b3 a6 12. Bd3 Rc8 13. b4 Nc6 14. 0-0 Na7 15. Qe2 b5 16. a4 c6 17. Nd1 Rb8 18. a5 Qd7 19. Nb2 Rfc8 20. Bc2 h6 21. Nd3 Ne4 22. Nc5 Bxc5 23. dxc5 Nf6 24. Nd4 Kf8 25. Nxe6+ Qxe6 26. Rfe1 Rd8 27. Bc3 Ne8 28. Qd3 g6 29. Qd4 Ke7 30. Qe5 Qxe5 31. Bxe5 Rbc8 32. Bd4 Kf8 33. g4 g5 34. Bf5 Ra8 35. Rad1 Nc8 36. f4 Ne7 37. Bh7 f6 38. fxg5 hxg5 39. Rf1 Kf7 40. Bf5 Nxf5 41. Rxf5 Ra7 42. Rdf1 Kg8 43. Bxf6 Nxf6 44. Rxf6 Rg7 45. Rxc6 Ra8 46. Rd6 Re8 47. Re1 Rge7 48. Rxd5 Rxe3 49. Rxe3 Rxe3 50. Rxg5+ Kf7 51. Rf5+ Kg6 52. Rf4 Kg5 53. Rd4 Rxh3 54. Rd6 Rg3+ 55. Kf2 Rxg4 56. Rxa6 Rxb4 57. Rb6 Kf4 58. a6 Rb2+ 59. Ke1 Ke3 60. Re6+ Kd4 61. c6 Rb1+ 62. Kd2 Rb2+ 63. Kc1 Kc3 64. Re3+ Kd4 65. Kxb2 Kxe3 66. c7 b4 67. c8Q Kd4 68. Qe6 Kc5 69. Qd7 Kc4 70. a7 b3 71. a8R Kc5 72. Rc8+ Kb6 73. Kxb3 Ka6 74. Rb8 1-0

[Event "Doeberl Cup U1200 48th"]
[Site "Canberra"]
[Date "2010.04.03"]
[Round "4"]
[White "Nakauchi, Ray"]
[Black "Flood, Amy"]
[Result "1-0"]
[WhiteElo "541"]
[BlackElo "320"]
[PlyCount "67"]
[EventDate "2010.04.02"]
[EventType "swiss"]
[EventRounds "6"]
[EventCountry "AUS"]
[SourceTitle "EXT 2012"]
[Source "ChessBase"]
[SourceDate "2011.11.24"]
[SourceVersion "1"]
[SourceVersionDate "2011.11.24"]
[SourceQuality "1"]

1. d4 Nf6 2. g3 d5 3. Bg2 Nc6 4. Nf3 e6 5. 0-0 Bd6 6. a3 0-0 7. Nc3 e5 8. e3 Be6 9. Re1 Qd7 10. Qd2 e4 11. Ng5 Bf5 12. f3 Rfe8 13. fxe4 dxe4 14. d5 Ne5 15. Ngxe4 Bxe4 16. Nxe4 Nxe4 17. Bxe4 Ng4 18. Bg2 Qf5 19. Qe2 Bxg3 20. hxg3 Qh5 21. Bf3 Qg6 22. Bxg4 Re4 23. Bf3 Re5 24. g4 Qg5 25. e4 Qh4 26. Kg2 c6 27. Bf4 Re7 28. Rh1 Qf6 29. e5 Qg6 30. Be4 Rxe5 31. Bxe5 Qg5 32. Bxh7+ Kf8 33. Bd6+ Qe7 34. Qxe7# 1-0

[Event "Doeberl Cup U1200 48th"]
[Site "Canberra"]
[Date "2010.04.02"]
[Round "1"]
[White "Dunn, Paul1111"]
[Black "Nakauchi, Ray"]
[Result "1-0"]
[WhiteElo "1149"]
[BlackElo "541"]
[PlyCount "61"]
[EventDate "2010.04.02"]
[EventType "swiss"]
[EventRounds "6"]
[EventCountry "AUS"]
[SourceTitle "EXT 2012"]
[Source "ChessBase"]
[SourceDate "2011.11.24"]
[SourceVersion "1"]
[SourceVersionDate "2011.11.24"]
[SourceQuality "1"]

1. d4 d5 2. c4 c6 3. Bf4 Nd7 4. e3 g6 5. cxd5 cxd5 6. Nc3 e6 7. Bb5 Bg7 8. Nf3 a6 9. Qa4 Ngf6 10. Bd6 Qb6 11. Bc5 Qc7 12. 0-0 b6 13. Ba3 Ra7 14. Bd3 b5 15. Qb3 Qd8 16. Ne5 Nxe5 17. dxe5 Ng4 18. Bc5 Rb7 19. f4 Qa5 20. Rac1 Bd7 21. Be2 Rc7 22. Bb4 Qa4 23. Nxa4 bxa4 24. Qa3 Rxc1 25. Rxc1 Nxe3 26. Qxe3 a5 27. Bd6 Bf8 28. Qb6 Bxd6 29. Qxd6 f5 30. exf6 Rf8 31. Qe7# 1-0